000 01257nam a2200265 a 4500
008 120416s1995 ||||||||||||||||| || u
020 _a0521498716
020 _a0521498716
050 _aHB 238 Phl
100 _aPhlips, Louis
245 1 0 _aCompetition policy: a game-theoretic perspective
260 _aCambridge:
_bCambridge Universtiy Press
_c1995
300 _axvi, 272 p.: ill.
350 _a0.00
500 _aIncludes bibliographical references (p. [256]-267) and index.
650 _aGAME THEORY
650 _aCOMPETITION--LAW AND LEGISLATION--ZIMBABWE
650 _aCARTELS
650 _aCOMPETITION--EUROPE--CASE STUDIES
856 _uhttp://www.loc.gov/catdir/toc/cam021/95010651.html
856 _uhttp://www.loc.gov/catdir/description/cam027/95010651.html
995 _aANNEX COLLECTION (Main Library)
_D0.00
_e025794
_FCBU-MAIN LIBRARY (Kitwe)
_H3
_I16.50
_jHB 238 Phl
_UAVAILABLE
_y025794
_ZAnnex Low-Usage Collection
995 _aANNEX COLLECTION (Main Library)
_D0.00
_e026278
_FCBU-MAIN LIBRARY (Kitwe)
_H2
_I16.50
_jHB 238 Phl
_UAVAILABLE
_y026278
_ZAnnex Low-Usage Collection
995 _aMAIN LIBRARY OPEN ACCESS
_D0.00
_e025857
_FCBU-MAIN LIBRARY (Kitwe)
_H1
_I16.50
_jHB 238 Phl
_UAVAILABLE
_y025857
_ZMain Library Open Access Collection
999 _c79591
_d79591